The British Medical Association family doctor guide to asthma / (Record no. 2526)
[ view plain ]
| 000 -LEADER | |
|---|---|
| fixed length control field | nam a22 a 4500 |
| 005 - DATE AND TIME OF LATEST TRANSACTION | |
| control field | 20170517104851.0 |
| 008 - FIXED-LENGTH DATA ELEMENTS--GENERAL INFORMATION | |
| fixed length control field | 170517b1999 enk||||| |||| 00| 0 eng d |
| 020 ## - INTERNATIONAL STANDARD BOOK NUMBER | |
| International Standard Book Number | 0751306762 |
| Terms of availability | £4.99 |
| 040 ## - CATALOGING SOURCE | |
| Original cataloging agency | AKMAL |
| 082 ## - DEWEY DECIMAL CLASSIFICATION NUMBER | |
| Classification number | 616.238 AYR |
| 090 ## - LOCALLY ASSIGNED LC-TYPE CALL NUMBER (OCLC); LOCAL CALL NUMBER (RLIN) | |
| Classification number (OCLC) (R) ; Classification number, CALL (RLIN) (NR) | 616.238 |
| Local cutter number (OCLC) ; Book number/undivided call number, CALL (RLIN) | AYR |
| 100 ## - MAIN ENTRY--PERSONAL NAME | |
| Personal name | Ayres, J. G. |
| 9 (RLIN) | 5253 |
| 245 14 - TITLE STATEMENT | |
| Title | The British Medical Association family doctor guide to asthma / |
| Statement of responsibility, etc. | Jon Ayres ; medical editor, Tony Smith. |
| 260 ## - PUBLICATION, DISTRIBUTION, ETC. | |
| Place of publication, distribution, etc. | London |
| Name of publisher, distributor, etc. | Dorling Kindersley |
| Date of publication, distribution, etc. | 1999. |
| 300 ## - PHYSICAL DESCRIPTION | |
| Extent | 96 p. |
| Other physical details | col. ill. |
| Dimensions | 21cm |
| 500 ## - GENERAL NOTE | |
| General note | Includes index. |
| 650 #0 - SUBJECT ADDED ENTRY--TOPICAL TERM | |
| Topical term or geographic name entry element | Asthma |
| Form subdivision | Popular works. |
| 9 (RLIN) | 5254 |
| 700 #1 - ADDED ENTRY--PERSONAL NAME | |
| Personal name | Smith, Tony |
| Titles and other words associated with a name | Dr. |
| 9 (RLIN) | 5251 |
| 710 #2 - ADDED ENTRY--CORPORATE NAME | |
| Corporate name or jurisdiction name as entry element | British Medical Association. |
| 9 (RLIN) | 5252 |
| 852 ## - LOCATION | |
| Location | British Library |
| Sublocation or collection | HMNTS |
| 942 ## - ADDED ENTRY ELEMENTS (KOHA) | |
| Source of classification or shelving scheme | |
| Koha item type | Book |
| Withdrawn status | Lost status | Source of classification or shelving scheme | Damaged status | Not for loan | Collection code | Home library | Current library | Shelving location | Date acquired | Inventory number | Total Checkouts | Full call number | Barcode | Date last seen | Date last checked out | Price effective from | Koha item type |
|---|---|---|---|---|---|---|---|---|---|---|---|---|---|---|---|---|---|
| NON-FICTION | AKMAL Melaka | AKMAL Melaka | PINJAMAN | 17.05.2017 | 601909 | 1 | 616.238 AYR | 201703414 | 17.04.2019 | 31.03.2019 | 17.05.2017 | Book |
